The Effectiveness of White-Collar Crime Enforcement: Evidence from the War on Terror

Saved in:  
Bibliographic Details
Main Author: Nguyen, Trung Thi Hoai (Author)
Format: Print Book
Language:English
Published: [Erscheinungsort nicht ermittelbar] Stanford University 2018
In:Year: 2018
Check availability: HBZ Gateway
Subito Delivery Service: Order now.

MARC

LEADER 00000cam a22000002c 4500
001 1912527847
003 DE-627
005 20250114054951.0
007 tu
008 241217s2018 xx ||||| 00| ||eng c
035 |a (DE-627)1912527847 
035 |a (DE-599)KXP1912527847 
040 |a DE-627  |b ger  |c DE-627  |e rda 
041 |a eng 
084 |a 2,1  |2 ssgn 
100 1 |a Nguyen, Trung Thi Hoai  |e VerfasserIn  |4 aut 
245 1 4 |a The Effectiveness of White-Collar Crime Enforcement: Evidence from the War on Terror 
264 1 |a [Erscheinungsort nicht ermittelbar]  |b Stanford University  |c 2018 
336 |a Text  |b txt  |2 rdacontent 
337 |a ohne Hilfsmittel zu benutzen  |b n  |2 rdamedia 
338 |a Band  |b nc  |2 rdacarrier 
787 0 8 |i Forschungsdaten  |a USA. Federal Bureau of Investigation  |t National Incident-Based Reporting System, 2005  |d [Erscheinungsort nicht ermittelbar] : [Verlag nicht ermittelbar], 2007  |w (DE-627)184005722X 
787 0 8 |i Forschungsdaten  |a USA. Federal Bureau of Investigation  |t National Incident-Based Reporting System, 2004  |d [Erscheinungsort nicht ermittelbar] : [Verlag nicht ermittelbar], 2006  |w (DE-627)1840058579 
787 0 8 |i Forschungsdaten  |a USA. Bureau of Justice Statistics  |t National Incident-Based Reporting System, 2003  |d [Erscheinungsort nicht ermittelbar] : [Verlag nicht ermittelbar], 2006  |w (DE-627)1840058420 
787 0 8 |i Forschungsdaten  |a USA. Federal Bureau of Investigation  |t National Incident-Based Reporting System, 2002  |d [Erscheinungsort nicht ermittelbar] : [Verlag nicht ermittelbar], 2004  |w (DE-627)1840057610 
787 0 8 |i Forschungsdaten  |a USA. Federal Bureau of Investigation  |t National Incident-Based Reporting System, 2001  |d [Erscheinungsort nicht ermittelbar] : [Verlag nicht ermittelbar], 2004  |w (DE-627)1840057548 
787 0 8 |i Forschungsdaten  |a USA. Federal Bureau of Investigation  |t National Incident-Based Reporting System, 2000  |d [Erscheinungsort nicht ermittelbar] : [Verlag nicht ermittelbar], 2002  |w (DE-627)1840054743 
935 |a mkri 
951 |a BO 
ELC |b 1 
LOK |0 000 xxxxxcx a22 zn 4500 
LOK |0 001 463749334X 
LOK |0 003 DE-627 
LOK |0 004 1912527847 
LOK |0 005 20241217044356 
LOK |0 008 241217||||||||||||||||ger||||||| 
LOK |0 035   |a (DE-2619)ICPSR150550 
LOK |0 040   |a DE-2619  |c DE-627  |d DE-2619 
LOK |0 092   |o n 
LOK |0 852   |a DE-2619 
LOK |0 852 1  |9 00 
LOK |0 935   |a nacp 
LOK |0 939   |a 17-12-24  |b l01 
ORI |a SA-MARC-krimdoka001.raw